书目信息 |
| 题名: |
毽球
|
|
| 作者: | 张颖 , 杜亚琴 主编 | |
| 分册: | ||
| 出版信息: | 长春 吉林出版集团有限责任公司 2010.01 |
|
| 页数: | 65页 | |
| 开本: | 21cm | |
| 丛书名: | ||
| 单 册: | ||
| 中图分类: | G849.9 | |
| 科图分类: | ||
| 主题词: | 毽球运动--基本知识 , 毽球运动 | |
| 电子资源: | ||
| ISBN: | 978-7-5463-1518-8 | |
| 000 | 00820nam0 22002531 450 | |
| 001 | 004696801 | |
| 005 | 20111229084846.20 | |
| 010 | @a978-7-5463-1518-8@dCNY4.50 | |
| 100 | @a20100722d2010 em y0chiy50 ea | |
| 101 | 0 | @achi |
| 102 | @aCN@b220000 | |
| 105 | @aa z 000yy | |
| 200 | 1 | @a毽球@9jian qiu@f杜亚琴,张颖主编 |
| 210 | @a长春@c吉林出版集团有限责任公司@d2010.01 | |
| 215 | @a65页@c图@d21cm | |
| 300 | @a全民健身项目指导用书/王月华、张颖主编 | |
| 330 | @a本书主要介绍毽球运动的各类技巧和学习方法,主要内容包括:毽球运动概述、运动保健、基本技术与战术、比赛规则。 | |
| 606 | 0 | @a毽球运动@x基本知识 |
| 606 | 0 | @a毽球运动 |
| 690 | @aG849.9@v4 | |
| 701 | 0 | @a张颖@9zhang ying@c(体育理论)@4主编 |
| 701 | 0 | @a杜亚琴@9du ya qin@4主编 |
| 801 | 0 | @c20111229 |
| 905 | @a郑州市财税学校图书馆@dG849.9@eD880@f6 | |
| 毽球/杜亚琴,张颖主编.-长春:吉林出版集团有限责任公司,2010.01 |
| 65页:图;21cm |
| 全民健身项目指导用书/王月华、张颖主编 |
| ISBN 978-7-5463-1518-8:CNY4.50 |
| 本书主要介绍毽球运动的各类技巧和学习方法,主要内容包括:毽球运动概述、运动保健、基本技术与战术、比赛规则。 |
| ● |
| 相关链接 |
|
|
|
正题名:毽球
索取号:G849.9/D880
 
预约/预借
| 序号 | 登录号 | 条形码 | 馆藏地/架位号 | 状态 | 备注 |
| 1 | 1186555 | 211865551 | 社科库409/409社科库 24排3列3层/ [索取号:G849.9/D880] | 在馆 | |
| 2 | 1186556 | 211865560 | 社科库409/409社科库 24排3列3层/ [索取号:G849.9/D880] | 在馆 | |
| 3 | 1186557 | 211865579 | 社科库409/409社科库 24排3列3层/ [索取号:G849.9/D880] | 在馆 | |
| 4 | 1192959 | 211929591 | 社科库409/409社科库 24排3列4层/ [索取号:G849.9/D880] | 在馆 | |
| 5 | 1192960 | 211929608 | 社科库409/409社科库 24排3列4层/ [索取号:G849.9/D880] | 在馆 | |
| 6 | 1192961 | 211929617 | 社科库409/409社科库 24排3列4层/ [索取号:G849.9/D880] | 在馆 |